000 00336nam a2200133Ia 4500
005 20260328104322.0
008 260328s9999||||xx |||||||||||||| ||und||
100 _aLe Corbusier
245 0 _aLe Corbusier Sketchbooks :
_b Volume 2.1950-1954 /
_cLe Corbusier
260 _bAF
300 _a541 p.
650 _aARQUITECTOS
942 _cBK
999 _c11381
_d11381